00465nam a2200157Ia 4500008004100000020001700041082001400058100003200072245002500104250000800129260007000137300003200207500001900239600003300258650001600291240925s9999 xx 000 0 und d a978007162998 a512.9 STE aSteege, Ray ; Bailey, Kelly 0aIntermediate Algebra a2nd aNew Delhi:bMcGraw Hill Education (India) Private Limitedc,2010. aVarious pagesbNAfOriginal aIncludes Index aHumanities & Natural Science aMathematics